| 000 | 00818nam a22002177a 4500 | ||
|---|---|---|---|
| 008 | 081020t xxu||||| |||| 00| 0 eng d | ||
| 010 | _aENG-91377 | ||
| 020 |
_a9788189840228 _c30.00 |
||
| 035 | _aEN-74910 | ||
| 037 | _bDBAD / PUB | ||
| 040 |
_adpl _bEnglish |
||
| 082 | _a158.9 | ||
| 100 | _aMarjory, D.M. Sathya | ||
| 245 |
_aTransactional analysis and spoken english / _cby D.M. Sathya Morjory |
||
| 260 |
_aErode _bPallavi Pathippagam South India _c2008 |
||
| 270 |
_a194, Kanna Complex, Mettur Raod, _bErode |
||
| 300 |
_a72p. _c20cm (pbk) |
||
| 650 | _aTransactional analysis | ||
| 942 |
_2ddc _cEN _mMAR _h158.9 |
||
| 999 |
_c16911 _d16911 |
||